[Event "Veletrzni turnaj 2021"]
[Site "Brno"]
[Date "2021.08.29"]
[Round "2.5"]
[White "Sipek, Michal"]
[Black "Neduchal, Jiri"]
[Result "1/2-1/2"]
[WhiteElo "2021"]
[BlackElo "1734"]
[PlyCount "53"]
[EventDate "2021.08.29"]

1. Nf3 Nf6 2. g3 g6 3. Bg2 Bg7 4. c4 O-O 5. Nc3 d5 6. cxd5 Nxd5 7. Nxd5 Qxd5 8.
O-O Nc6 9. d3 e5 10. Qc2 Qd6 11. Bd2 Be6 12. a3 Rfd8 13. Rac1 Rac8 14. b4 a6
15. Ng5 Nd4 16. Qd1 Bb3 17. Qe1 Nc2 18. Rxc2 Bxc2 19. Bxb7 Rb8 20. Bg2 Bb3 21.
Ne4 Qe7 22. Nc5 Bd5 23. Nxa6 Ra8 24. b5 Bxg2 25. Kxg2 c6 26. Ba5 Rdc8 27. Qb4
1/2-1/2

[Event "Veletrzni turnaj 2021"]
[Site "Brno"]
[Date "2021.08.29"]
[Round "2.6"]
[White "Blazek, Pavel"]
[Black "Hladky, Tadeas"]
[Result "0-1"]
[WhiteElo "1728"]
[BlackElo "1908"]
[PlyCount "84"]
[EventDate "2021.08.29"]

1. Nf3 Nf6 2. g3 d5 3. Bg2 c6 4. O-O Bf5 5. d4 e6 6. b3 Bd6 7. Bb2 h6 8. Nbd2
O-O 9. Re1 Nbd7 10. c4 Re8 11. Ne5 Qc7 12. f4 Ne4 13. Nxe4 Bxe4 14. Bxe4 dxe4
15. e3 f5 16. Nxd7 Qxd7 17. Qh5 Rad8 18. Rad1 Qe7 19. Re2 Rd7 20. Bc3 Red8 21.
Red2 Kh7 22. Ba5 b6 23. Bc3 Bb4 24. Bxb4 Qxb4 25. Qe2 a5 26. Rb2 c5 27. Qd2
cxd4 28. Qxb4 axb4 29. exd4 Rxd4 30. Rxd4 Rxd4 31. Kf2 g5 32. fxg5 hxg5 33. Ke3
Rd3+ 34. Ke2 f4 35. gxf4 gxf4 36. Rc2 Rh3 37. Kf1 Kg6 38. c5 bxc5 39. Rxc5 Rxh2
40. Rc4 Kf5 41. Rxb4 Rxa2 42. Rb5+ Kg4 0-1

[Event "Veletrzni turnaj 2021"]
[Site "Brno"]
[Date "2021.08.29"]
[Round "2.7"]
[White "Wunsch, Radek"]
[Black "Jurak, Stanislav"]
[Result "1-0"]
[WhiteElo "1895"]
[BlackElo "1728"]
[PlyCount "51"]
[EventDate "2021.08.29"]

1. e4 e6 2. f4 d5 3. e5 c5 4. Nf3 Nc6 5. c3 Nge7 6. Na3 a6 7. Nc2 Ng6 8. d4 Bd7
9. Bd3 Be7 10. O-O O-O 11. f5 exf5 12. Ne3 cxd4 13. cxd4 f4 14. Nxd5 Bg4 15.
Be4 Re8 16. Qd3 Be6 17. Nxf4 Nxf4 18. Bxf4 g6 19. a3 Bd5 20. Rac1 Rc8 21. Rf2
b5 22. Be3 Bf8 23. Ng5 f5 24. exf6 Kh8 25. Bxg6 Rxe3 26. Qxe3 1-0

[Event "Veletrzni turnaj 2021"]
[Site "Brno"]
[Date "2021.08.29"]
[Round "2.8"]
[White "Prokop, Jiri"]
[Black "Lukas, Frantisek"]
[Result "0-1"]
[WhiteElo "1684"]
[BlackElo "1879"]
[PlyCount "72"]
[EventDate "2021.08.29"]
[SourceDate "2021.08.29"]

1. f4 Nf6 2. Nf3 g6 3. e3 Bg7 4. d4 O-O 5. Bd3 c5 6. c3 d6 7. O-O Nc6 8. Be2
cxd4 9. exd4 e6 10. Nbd2 Qc7 11. Kh1 Bd7 12. Bd3 Ne7 13. Ne4 Nxe4 14. Bxe4 Bc6
15. Bxc6 Qxc6 16. Qe2 b5 17. Bd2 Rfc8 18. Rac1 Qc4 19. Qxc4 Rxc4 20. a3 Rac8
21. g3 a5 22. Kg1 Nd5 23. Kf2 Kf8 24. Rfd1 Ke7 25. h3 f5 26. h4 Nf6 27. Kg2
R4c6 28. Ne1 Ne4 29. Be3 b4 30. cxb4 axb4 31. Rxc6 Rxc6 32. axb4 Rc4 33. b5 Rb4
34. Nd3 Rxb5 35. b4 Nc3 36. Bf2 Nxd1 0-1

[Event "Veletrzni turnaj 2021"]
[Site "Brno"]
[Date "2021.08.29"]
[Round "2.9"]
[White "Marsa, Alexandr"]
[Black "Vojtek, Pavel"]
[Result "1-0"]
[WhiteElo "1863"]
[BlackElo "1609"]
[PlyCount "69"]
[EventDate "2021.08.29"]

1. d4 Nf6 2. c4 d6 3. Nf3 g6 4. Nc3 Bg7 5. Bg5 O-O 6. h3 Nbd7 7. e3 e5 8. Be2
h6 9. Bh4 a6 10. O-O Qe7 11. Re1 g5 12. Bg3 Nh7 13. Qb3 Kh8 14. dxe5 dxe5 15.
Rad1 f5 16. Bf1 Qf7 17. Qc2 f4 18. Bh2 Nhf6 19. exf4 exf4 20. Nd4 Nc5 21. b4
Ne6 22. Nf5 Nh5 23. Bd3 Nd4 24. Nxd4 Bxd4 25. Bg6 Qxc4 26. Rxd4 Qxd4 27. Bxh5
Bf5 28. Qc1 Rad8 29. Re7 Rd7 30. Qe1 Rfd8 31. g4 fxg3 32. Bxg3 Rxe7 33. Qxe7
Qd7 34. Be5+ Kg8 35. Qf6 1-0

[Event "Veletrzni turnaj 2021"]
[Site "Brno"]
[Date "2021.08.29"]
[Round "2.11"]
[White "Stehlik, Jiri"]
[Black "Krystl, Jaromir"]
[Result "1-0"]
[WhiteElo "1847"]
[BlackElo "1514"]
[PlyCount "93"]
[EventDate "2021.08.29"]

1. c4 Nf6 2. Nf3 g6 3. g3 Bg7 4. Bg2 O-O 5. d4 d6 6. O-O Nc6 7. Nc3 a6 8. h3
Rb8 9. Be3 d5 10. cxd5 Nb4 11. Bd2 Nbxd5 12. Ne5 Nxc3 13. bxc3 Bf5 14. g4 Be6
15. e4 Nd7 16. Nxd7 Bxd7 17. f4 Bb5 18. Rf2 Qd7 19. e5 Bc6 20. f5 Bxg2 21. Kxg2
Rfd8 22. Qf3 gxf5 23. gxf5 Qd5 24. Qxd5 Rxd5 25. Kh1 h6 26. Rg1 Kh7 27. Rfg2
Bf8 28. Rg8 c5 29. Bxh6 Bxh6 30. Rxb8 cxd4 31. cxd4 Be3 32. Rd1 Rd7 33. d5 Kh6
34. Rg8 Bf4 35. Rd4 Kh7 36. Rg2 Bh6 37. d6 exd6 38. Rxd6 Rc7 39. Rf2 Be3 40.
Re2 Rc1+ 41. Kg2 Bc5 42. Rd7 Kh6 43. Rxf7 Kg5 44. Kf3 Rc3+ 45. Ke4 Rc4+ 46. Kd5
b5 47. Rg2+ 1-0

[Event "Veletrzni turnaj 2021"]
[Site "Brno"]
[Date "2021.08.29"]
[Round "2.12"]
[White "Pokorny, Petr"]
[Black "Lukas, Ondrej"]
[Result "1/2-1/2"]
[WhiteElo "2162"]
[BlackElo "1452"]
[PlyCount "52"]
[EventDate "2021.08.29"]
[SourceDate "2021.08.29"]

1. d4 f5 2. h3 e6 3. Nf3 Nf6 4. Bf4 Nc6 5. c3 Be7 6. Nbd2 d6 7. Qc2 Nd5 8. Bh2
Bf6 9. e4 fxe4 10. Nxe4 Bd7 11. Bd3 Qe7 12. Nxf6+ gxf6 13. O-O-O O-O-O 14. a3
Qg7 15. g4 h5 16. c4 Nde7 17. Rdg1 Qf7 18. b4 e5 19. Qc3 f5 20. dxe5 fxg4 21.
exd6 Qxf3 22. dxe7 Nxe7 23. Qe5 Kb8 24. Qxc7+ Ka8 25. Rd1 Bf5 26. Bxf5 Qxa3+
1/2-1/2

[Event "Veletrzni turnaj 2021"]
[Site "Brno"]
[Date "2021.08.29"]
[Round "2.13"]
[White "Ulcak, Michael"]
[Black "Jires, Jiri"]
[Result "0-1"]
[WhiteElo "1470"]
[BlackElo "2144"]
[PlyCount "52"]
[EventDate "2021.08.29"]

1. e4 e5 2. Nf3 Nc6 3. Bc4 Nf6 4. O-O Nxe4 5. Re1 d5 6. d4 exd4 7. Bxd5 Qxd5 8.
Nc3 Qd7 9. Nxe4 Be7 10. Bg5 O-O 11. Bxe7 Qxe7 12. Nxd4 Bd7 13. h3 Rad8 14. Nb3
Qh4 15. Qf3 Nb4 16. Qc3 Nd5 17. Qg3 Qxg3 18. Nxg3 b6 19. c3 c5 20. Rad1 Bc6 21.
Nd2 Nf4 22. Nde4 Nd3 23. Re2 f5 24. Ng5 Nf4 25. Red2 Rde8 26. Nf3 Nxh3+ 0-1

[Event "Veletrzni turnaj 2021"]
[Site "Brno"]
[Date "2021.08.29"]
[Round "2.16"]
[White "Svec, Ludek"]
[Black "Lisik, Miroslav"]
[Result "1/2-1/2"]
[WhiteElo "1549"]
[BlackElo "1680"]
[PlyCount "86"]
[EventDate "2021.08.29"]

1. d4 Nf6 2. Nf3 c5 3. g3 cxd4 4. Nxd4 Nc6 5. Bg2 g6 6. O-O Bg7 7. Nxc6 bxc6 8.
c4 O-O 9. Nc3 Qc7 10. Qa4 Bb7 11. e4 d6 12. Rd1 Nd7 13. Qc2 Nb6 14. b3 Rfd8 15.
Bb2 a6 16. Rd2 d5 17. c5 Nd7 18. Na4 Bxb2 19. Qxb2 Qe5 20. Qxe5 Nxe5 21. Rad1
e6 22. h3 Rab8 23. f4 Nd7 24. e5 a5 25. Bf1 Ra8 26. g4 Ba6 27. g5 Bb5 28. Bxb5
cxb5 29. Nb6 Nxb6 30. cxb6 Rab8 31. Rc1 Rxb6 32. Rc7 a4 33. b4 Rdb8 34. Rdc2
R6b7 35. Rxb7 Rxb7 36. Rc8+ Kg7 37. a3 Rd7 38. Rc6 h6 39. h4 h5 40. Kf2 Kf8 41.
Ke3 d4+ 42. Kd3 Ke7 43. Rb6 Rd5 1/2-1/2

[Event "Veletrzni turnaj 2021"]
[Site "Brno"]
[Date "2021.08.29"]
[Round "2.17"]
[White "Zikan, Karel"]
[Black "Setina, Vaclav"]
[Result "0-1"]
[WhiteElo "1627"]
[BlackElo "1607"]
[PlyCount "112"]
[EventDate "2021.08.29"]

1. d4 d5 2. c4 e5 3. dxe5 d4 4. e3 Bb4+ 5. Bd2 dxe3 6. Qa4+ Bd7 7. Qxb4 exd2+
8. Qxd2 Nc6 9. Nf3 Qe7 10. Qe2 O-O-O 11. Nc3 Bg4 12. Nd5 Qe8 13. O-O-O Nge7 14.
Qe4 Bxf3 15. gxf3 Nxd5 16. Rxd5 Rxd5 17. Qxd5 Qxe5 18. Qxe5 Nxe5 19. f4 Ng6 20.
Rg1 f5 21. Bd3 Rf8 22. Rg5 Nxf4 23. Bxf5+ Kd8 24. Bxh7 g6 25. Rg4 Nd3+ 26. Kc2
Ne5 27. Rd4+ Ke7 28. f4 Nf3 29. Re4+ Kf6 30. Re3 Nd4+ 31. Kc3 Nf5 32. Rd3 Ne7
33. Rd7 Rf7 34. Bxg6 Nxg6 35. Rxf7+ Kxf7 36. f5 Ne7 37. Kd4 Nxf5+ 38. Ke5 Ne3
39. Kd4 Ng4 40. h3 Nf2 41. h4 Ke6 42. b4 a6 43. a4 b6 44. a5 bxa5 45. bxa5 Ng4
46. Kc5 Kd7 47. Kd5 c6+ 48. Kc5 Kc7 49. h5 Nh6 50. Kd4 Kd6 51. c5+ Ke6 52. Ke4
Kf6 53. Kf4 Nf7 54. Ke4 Ng5+ 55. Kd4 Ne6+ 56. Kc4 Kg5 0-1

[Event "Veletrzni turnaj 2021"]
[Site "Brno"]
[Date "2021.08.29"]
[Round "2.18"]
[White "Meszaros, Ludek"]
[Black "Soucek, Andrej"]
[Result "1-0"]
[WhiteElo "2027"]
[BlackElo "1318"]
[PlyCount "81"]
[EventDate "2021.08.29"]

1. e4 c5 2. Nf3 Nc6 3. Bb5 e6 4. O-O Nge7 5. Re1 a6 6. Bf1 g6 7. d3 Bg7 8. Nc3
O-O 9. g3 d5 10. Bg2 d4 11. Na4 Qd6 12. Nb6 Rb8 13. a4 Bd7 14. a5 Nc8 15. Nc4
Qe7 16. e5 f6 17. Bf4 fxe5 18. Nfxe5 Ra8 19. Qe2 Bxe5 20. Nxe5 Re8 21. Qg4 Qg7
22. Nxc6 bxc6 23. Re5 Rb8 24. Rxc5 e5 25. Rxe5 Bxg4 26. Rxe8+ Kf7 27. Rae1 Rxb2
28. Bxc6 g5 29. Bd5+ Kg6 30. Be5 Qd7 31. Rg8+ Kh6 32. Be4 Rxc2 33. h4 Bf5 34.
hxg5+ Kh5 35. Bf3+ Bg4 36. Rg7 Qe6 37. Rxh7+ Kg6 38. Rh6+ Kf7 39. Rxe6 Bxe6 40.
Bxd4 Ra2 41. g6+ 1-0

[Event "Veletrzni turnaj 2021"]
[Site "Brno"]
[Date "2021.08.29"]
[Round "2.19"]
[White "Tajovsky, Simon"]
[Black "Kuncicka, Klara"]
[Result "1-0"]
[WhiteElo "1607"]
[BlackElo "1279"]
[PlyCount "79"]
[EventDate "2021.08.29"]

1. d4 d5 2. c4 e6 3. Nc3 Nf6 4. Nf3 Nbd7 5. Bf4 Be7 6. e3 O-O 7. cxd5 exd5 8.
Bd3 Re8 9. O-O b6 10. Nb5 Bd6 11. Nxd6 cxd6 12. Bxd6 Bb7 13. Rc1 Rc8 14. Qd2
Ne4 15. Bxe4 dxe4 16. Ne5 Nf6 17. Rxc8 Bxc8 18. Qb4 Re6 19. Rc1 Nd5 20. Qc4 Bb7
21. Bc7 Qe8 22. Qc2 f6 23. Qxe4 fxe5 24. Bxe5 Qd7 25. Qd3 Rc6 26. Rd1 Qc8 27.
e4 Nf6 28. d5 Rc1 29. f3 Ba6 30. Qd2 Rc2 31. Qg5 Ne8 32. Qe7 Be2 33. d6 Rd2 34.
Rxd2 Qc1+ 35. Kf2 Qf1+ 36. Kg3 Qe1+ 37. Kh3 Bb5 38. d7 h6 39. dxe8=Q+ Bxe8 40.
Qxg7# 1-0

[Event "Veletrzni turnaj 2021           "]
[Site "Brno"]
[Date "2021.08.29"]
[Round "2.20"]
[White "Smidek, Prokop"]
[Black "Rychtecky, Pavel"]
[Result "1-0"]
[WhiteElo "1262"]
[BlackElo "1543"]
[PlyCount "71"]
[EventDate "2021.08.29"]

1. e4 c5 2. Nf3 e6 3. d4 cxd4 4. Nxd4 a6 5. Nc3 Bb4 6. Bd2 Qc7 7. Bd3 Nf6 8.
Nde2 Nc6 9. O-O O-O 10. f4 Bc5+ 11. Kh1 b5 12. e5 Ne8 13. Ng3 f5 14. Qh5 g6 15.
Qh6 Rf7 16. Rf3 Nd4 17. Rff1 Bb7 18. Nge2 d6 19. Nxd4 Bxd4 20. exd6 Qxd6 21.
Rae1 Nf6 22. Re2 Ng4 23. Qh4 Re8 24. h3 Nf6 25. Be3 Bxe3 26. Rxe3 Nd5 27. Nxd5
Bxd5 28. Rg3 Rg7 29. Qh6 Ree7 30. Re1 g5 31. Bxf5 Qxf4 32. Bxh7+ Rxh7 33. Rxg5+
Rhg7 34. Rxg7+ Rxg7 35. Qxf4 Rxg2 36. Rg1 1-0

[Event "Veletrzni turnaj 2021"]
[Site "Brno"]
[Date "2021.08.29"]
[Round "2.21"]
[White "Ivan, Laszlo"]
[Black "Karafiat, Vojtech"]
[Result "1-0"]
[WhiteElo "1533"]
[BlackElo "1255"]
[PlyCount "69"]
[EventDate "2021.08.29"]

1. e4 d6 2. d4 Nf6 3. Nc3 Nbd7 4. f4 e5 5. Nf3 exd4 6. Nxd4 c6 7. Bc4 Be7 8.
Nf5 Nb6 9. Nxg7+ Kf8 10. e5 Nxc4 11. exf6 Bxf6 12. Nh5 Bxc3+ 13. bxc3 Qe7+ 14.
Kf2 Qh4+ 15. Ng3 Qf6 16. Qd3 d5 17. Re1 Bd7 18. Kg1 Re8 19. Be3 b6 20. Bd4 Qxf4
21. Bxh8 Ne3 22. Bd4 Ng4 23. Qxh7 Rxe1+ 24. Rxe1 Be6 25. Qg7+ Ke7 26. Rf1 Qd2
27. h3 Ne3 28. Qg5+ f6 29. Qxe3 Qxe3+ 30. Bxe3 d4 31. Bxd4 f5 32. Nxf5+ Bxf5
33. Rxf5 c5 34. Bxc5+ Ke6 35. g4 1-0

[Event "Veletrzni turnaj 2021"]
[Site "Brno"]
[Date "2021.08.29"]
[Round "2.22"]
[White "Hayrumyan, Artur"]
[Black "Buchta, Vaclav"]
[Result "1-0"]
[WhiteElo "1511"]
[BlackElo "1119"]
[PlyCount "57"]
[EventDate "2021.08.29"]

1. Nf3 g6 2. d4 Bg7 3. Bf4 Nf6 4. e3 O-O 5. Bd3 d6 6. Nbd2 Nc6 7. c3 Re8 8. h3
h6 9. g4 e5 10. g5 Nh5 11. Bh2 exd4 12. Nxd4 Nxd4 13. cxd4 Bxd4 14. Qc2 Qxg5
15. O-O-O Be5 16. f4 Bxf4 17. exf4 Qf6 18. Rhg1 Kh7 19. Ne4 Qe7 20. Nf2 Rg8 21.
f5 Qe3+ 22. Kb1 g5 23. Rde1 Qd4 24. Qxc7 Qxf2 25. Qxf7+ Kh8 26. Qxh5 Rd8 27.
Qxh6+ Kg8 28. Rxg5+ Kf7 29. Qg7# 1-0

[Event "Veletrzni turnaj 2021"]
[Site "Brno"]
[Date "2021.08.29"]
[Round "2.23"]
[White "Hladky, Mikulas"]
[Black "Vavrinkova, Marie"]
[Result "1/2-1/2"]
[WhiteElo "1223"]
[BlackElo "1492"]
[PlyCount "70"]
[EventDate "2021.08.29"]

1. e4 e5 2. Nf3 Nf6 3. Nxe5 d6 4. Nf3 Nxe4 5. d4 Be7 6. Bd3 Nf6 7. O-O O-O 8.
Nc3 Bg4 9. Be3 Nbd7 10. h3 Bh5 11. Re1 Nb6 12. Qe2 Re8 13. Rad1 Nbd5 14. Nxd5
Nxd5 15. g4 Bg6 16. c4 Nxe3 17. fxe3 d5 18. Bxg6 hxg6 19. Qc2 dxc4 20. Qxc4 Bd6
21. Qb3 b6 22. e4 Bg3 23. Re2 a5 24. Kg2 Bf4 25. e5 Qd7 26. Qd3 Qd5 27. Qe4 Qb5
28. Rc2 g5 29. Qc6 Qb4 30. Qxc7 Rac8 31. Qxc8 Rxc8 32. Rxc8+ Kh7 33. Rc2 Kg6
34. Rc6+ Kh7 35. Rc2 Kg6 1/2-1/2

[Event "Veletrzni turnaj 2021"]
[Site "Brno"]
[Date "2021.08.29"]
[Round "2.24"]
[White "Luc, Martin"]
[Black "Hakl, Jaroslav"]
[Result "0-1"]
[WhiteElo "1114"]
[BlackElo "1471"]
[PlyCount "66"]
[EventDate "2021.08.29"]

1. e4 e5 2. Nf3 Nc6 3. Bc4 h6 4. d4 exd4 5. Nxd4 Bc5 6. Nxc6 bxc6 7. Bxf7+ Kf8
8. Bb3 Qf6 9. O-O Ne7 10. Be3 Bb6 11. Bxb6 axb6 12. Nc3 g5 13. Qh5 Kg7 14. e5
Qg6 15. Qxg6+ Nxg6 16. Rfe1 Re8 17. e6 d5 18. Rad1 Bxe6 19. f3 Bf7 20. Kf2 Nf4
21. Ne2 Ne6 22. c4 Nc5 23. cxd5 Nxb3 24. axb3 Bxd5 25. Nd4 Kf6 26. Rc1 Rxe1 27.
Rxe1 c5 28. Nb5 Bxb3 29. Re3 c4 30. Na3 Ra4 31. Nxc4 Bxc4 32. b3 Ra2+ 33. Kg3
Be6 0-1

[Event "Veletrzni turnaj 2021"]
[Site "Brno"]
[Date "2021.08.29"]
[Round "2.25"]
[White "Habinova, Alice"]
[Black "Teply, Jan"]
[Result "1-0"]
[WhiteElo "1418"]
[BlackElo "1063"]
[PlyCount "61"]
[EventDate "2021.08.29"]

1. e4 e5 2. f4 f6 3. fxe5 fxe5 4. Qh5+ Ke7 5. Qxe5+ Kf7 6. Bc4+ d5 7. Bxd5+ Kg6
8. Qf4 Qf6 9. Qg3+ Qg5 10. Qxg5+ Kxg5 11. d4+ Kf6 12. Nf3 c6 13. Bg5+ Kg6 14.
Bc4 h6 15. Bh4 Kh7 16. Ne5 Nf6 17. O-O Nbd7 18. Nf7 Rg8 19. Nc3 Nb6 20. Bd3 Bg4
21. e5+ g6 22. Bxf6 Bg7 23. Ne4 Rgf8 24. Ned6 Be6 25. Be7 Rg8 26. Rf3 Nd5 27.
Bh4 Rgf8 28. Raf1 b6 29. Rg3 Bf5 30. Bxf5 gxf5 31. Rxf5 1-0

[Event "Veletrzni turnaj 2021"]
[Site "Brno"]
[Date "2021.08.29"]
[Round "2.26"]
[White "Kubatova, Beta"]
[Black "Sojka, Oldrich"]
[Result "0-1"]
[WhiteElo "1049"]
[BlackElo "1417"]
[PlyCount "128"]
[EventDate "2021.08.29"]

1. d4 d5 2. Nf3 g6 3. g3 Nf6 4. Bg2 Bg7 5. O-O O-O 6. b3 Bf5 7. Bb2 Nc6 8. Nbd2
Qc8 9. Rc1 Bh3 10. c4 Bxg2 11. Kxg2 e6 12. e3 Re8 13. Re1 Qd8 14. a3 h6 15. Ne5
Nxe5 16. dxe5 Nh7 17. Nf3 c6 18. Qd2 Ng5 19. Nxg5 Qxg5 20. Qd4 b6 21. Red1 c5
22. Qf4 Qxf4 23. gxf4 Red8 24. Kf3 dxc4 25. bxc4 Kf8 26. Ke2 Ke7 27. a4 Rxd1
28. Rxd1 Rd8 29. Rxd8 Kxd8 30. Kd3 Kc7 31. h3 Bf8 32. Ba3 Kc6 33. Bb2 Be7 34.
Bc3 a6 35. Be1 Bh4 36. Kc3 b5 37. cxb5+ axb5 38. axb5+ Kxb5 39. Kb3 Be7 40. Bd2
c4+ 41. Kc2 Ka4 42. Be1 f5 43. f3 Bc5 44. Bd2 Kb5 45. Kc1 Ka4 46. Kc2 Ka3 47.
Bc1+ Ka4 48. Bd2 Kb5 49. Kc1 Bb4 50. Bxb4 Kxb4 51. Kb2 c3+ 52. Kc1 Kb3 53. Kb1
c2+ 54. Kc1 Kc3 55. e4 Kd3 56. exf5 gxf5 57. h4 Ke3 58. Kxc2 Kxf4 59. Kd3 Kxf3
60. Kd4 Kg3 61. Kc5 f4 62. Kd6 f3 63. Kxe6 f2 64. Kd6 f1=Q 0-1

[Event "Veletrzni turnaj 2021"]
[Site "Brno"]
[Date "2021.08.29"]
[Round "2.27"]
[White "Sepsi, Jakub"]
[Black "Kubatova, Ema"]
[Result "1-0"]
[WhiteElo "1400"]
[BlackElo "1005"]
[PlyCount "88"]
[EventDate "2021.08.29"]

1. e4 c5 2. Nf3 Nc6 3. d4 cxd4 4. Nxd4 g6 5. Be3 Bg7 6. Nc3 Nf6 7. Bc4 Nxe4 8.
Bxf7+ Kxf7 9. Nxe4 Rf8 10. O-O Kg8 11. c3 a6 12. Qd2 Qc7 13. Bh6 b6 14. Nxc6
Qxc6 15. Bxg7 Kxg7 16. Qd4+ Kg8 17. Rae1 Bb7 18. f3 Rae8 19. Rf2 a5 20. Ng5 Qf6
21. Qxd7 Qxg5 22. Qxb7 Qc5 23. Qe4 Rf6 24. Rd1 Rc6 25. Qd5+ Qxd5 26. Rxd5 Rd6
27. Rfd2 Red8 28. Rxd6 Rxd6 29. Rxd6 exd6 30. Kf2 Kf7 31. Ke3 Ke6 32. Ke4 b5
33. h4 h6 34. g4 g5 35. hxg5 hxg5 36. f4 gxf4 37. Kxf4 Kf6 38. g5+ Kg6 39. Ke4
Kxg5 40. Kd5 Kf4 41. Kxd6 Ke3 42. Kc5 b4 43. cxb4 axb4 44. Kxb4 Kd4 1-0

[Event "Veletrzni turnaj 2021"]
[Site "Brno"]
[Date "2021.08.30"]
[Round "3.1"]
[White "Fiala, Vaclav"]
[Black "Wunsch, Radek"]
[Result "1-0"]
[WhiteElo "2307"]
[BlackElo "1895"]
[PlyCount "71"]
[EventDate "2021.08.29"]

1. b3 e5 2. Bb2 Nc6 3. e3 d5 4. Bb5 Bd6 5. Nf3 Qe7 6. c4 a6 7. Bxc6+ bxc6 8. c5
Bxc5 9. Nxe5 Qd6 10. O-O Ne7 11. d4 Bb4 12. Nd3 Ba5 13. Ba3 Qf6 14. Ne5 Bd7 15.
Nd2 Qe6 16. Ndf3 f6 17. Nxd7 Kxd7 18. Rc1 Nc8 19. Rc2 Na7 20. Qe2 Nb5 21. Bc5
Nc3 22. Qd3 Ne4 23. Rfc1 g5 24. Ba3 g4 25. Rxc6 Qf5 26. Rxa6 Rxa6 27. Qxa6 Bb6
28. Qa4+ Ke6 29. Qc6+ Kf7 30. Nh4 Qxf2+ 31. Kh1 Qxh4 32. Qxd5+ Kg7 33. Qxe4 Qg5
34. Rf1 Kf7 35. Rf5 Qh4 36. g3 1-0

[Event "Veletrzni turnaj 2021"]
[Site "Brno"]
[Date "2021.08.30"]
[Round "3.2"]
[White "Lukas, Frantisek"]
[Black "Glozar, Petr"]
[Result "0-1"]
[WhiteElo "1879"]
[BlackElo "2110"]
[PlyCount "60"]
[EventDate "2021.08.29"]

1. b3 Nf6 2. Bb2 g6 3. Nf3 Bg7 4. e3 O-O 5. Be2 c5 6. O-O d5 7. c4 Nc6 8. cxd5
Nxd5 9. Bxg7 Kxg7 10. d4 cxd4 11. Nxd4 e5 12. Nxc6 bxc6 13. Qd2 Qb6 14. Qb2 f6
15. Nc3 Be6 16. Rfd1 a5 17. Bc4 Rfd8 18. Na4 Qb4 19. Qd2 Bf7 20. Qxb4 axb4 21.
a3 bxa3 22. Rxa3 Nb4 23. Rxd8 Rxd8 24. Kf1 Bxc4+ 25. bxc4 Ra8 26. Ke2 e4 27.
Kd2 Nd3 28. Kc3 Nxf2 29. Kd4 Nd3 30. Ra2 Nb4 0-1

[Event "Veletrzni turnaj 2021"]
[Site "Brno"]
[Date "2021.08.30"]
[Round "3.3"]
[White "Tajovsky, Matej"]
[Black "Marsa, Alexandr"]
[Result "1/2-1/2"]
[WhiteElo "2025"]
[BlackElo "1863"]
[PlyCount "113"]
[EventDate "2021.08.29"]

1. e4 e6 2. d4 d5 3. Nd2 a6 4. c3 c5 5. Ngf3 Nf6 6. exd5 exd5 7. Bd3 Nc6 8. O-O
cxd4 9. Nxd4 Nxd4 10. cxd4 Be7 11. Qb3 O-O 12. Nf3 b6 13. Bg5 Bb7 14. Rac1 h6
15. Bh4 Re8 16. Ne5 Ne4 17. Bg3 Nd2 18. Qc2 Nxf1 19. Bh7+ Kf8 20. Qf5 Bf6 21.
Nd7+ Qxd7 22. Qxd7 Nxg3 23. hxg3 Re7 24. Qd6 Bxd4 25. Bf5 Bc5 26. Qf4 Rd8 27.
b4 Bd6 28. Qd4 b5 29. f4 Bc7 30. Kf1 Rd6 31. Re1 Bb6 32. Qd2 d4 33. Rxe7 Kxe7
34. Qe2+ Kf8 35. Qe5 Rd8 36. g4 Bd5 37. Bd3 Bxa2 38. Qe2 Bd5 39. g5 hxg5 40.
fxg5 Re8 41. Qh5 Re3 42. Qh8+ Ke7 43. Qxg7 Rxd3 44. Qf6+ Kf8 45. Qxb6 Bc4 46.
Ke1 Re3+ 47. Kd1 Rd3+ 48. Kc2 Rc3+ 49. Kd2 Rd3+ 50. Ke1 Re3+ 51. Kf2 Re2+ 52.
Kf3 d3 53. Qd6+ Kg7 54. Qh6+ Kg8 55. Qd6 Re6 56. Qf4 Kg7 57. g4 1/2-1/2

[Event "Veletrzni turnaj 2021"]
[Site "Brno"]
[Date "2021.08.30"]
[Round "3.4"]
[White "Hladky, Tadeas"]
[Black "Stehlik, Jiri"]
[Result "1-0"]
[WhiteElo "1908"]
[BlackElo "1847"]
[PlyCount "121"]
[EventDate "2021.08.29"]

1. e4 d6 2. d4 Nf6 3. Nc3 g6 4. f4 Bg7 5. Nf3 O-O 6. Bd3 Na6 7. O-O c5 8. d5 e6
9. dxe6 fxe6 10. e5 Ne8 11. Bxa6 bxa6 12. Ne4 d5 13. Nxc5 Qb6 14. Qd4 Nc7 15.
Nb3 Nb5 16. Qxb6 axb6 17. Nfd4 Bd7 18. Rf2 Rf7 19. Nxb5 Bxb5 20. Be3 Rb8 21.
Nd4 Bd7 22. g3 Bf8 23. Re2 Be7 24. h4 Kh8 25. Kg2 Rg7 26. Rh1 Rbg8 27. Nb3 Bd8
28. Rd2 Bc7 29. Nd4 Bd8 30. Rd3 Be7 31. Rc3 Rc8 32. Rxc8+ Bxc8 33. h5 Bc5 34.
hxg6 Rxg6 35. Kf3 Kg8 36. Rh3 Bxd4 37. Bxd4 b5 38. g4 Rg7 39. c3 Rf7 40. Be3
Bb7 41. Ke2 Kg7 42. Kd3 Bc8 43. Rh5 Kg8 44. Kd4 Rg7 45. Rh4 Rc7 46. b3 Kh8 47.
Rh5 Rg7 48. Rg5 Rf7 49. Bd2 h6 50. Rh5 Kg7 51. Kc5 Re7 52. Kc6 Rf7 53. Be3 Kg6
54. f5+ exf5 55. Rxh6+ Kg7 56. gxf5 Bxf5 57. Kxd5 Rd7+ 58. Rd6 Kf7 59. Kc6 Ke7
60. Rf6 Bb1 61. Bc5+ 1-0

[Event "Veletrzni turnaj 2021"]
[Site "Brno"]
[Date "2021.08.30"]
[Round "3.5"]
[White "Vaculik, Martin"]
[Black "Jires, Jiri"]
[Result "1/2-1/2"]
[WhiteElo "1862"]
[BlackElo "2144"]
[PlyCount "53"]
[EventDate "2021.08.29"]

1. d4 Nf6 2. c4 g6 3. Nc3 Bg7 4. e4 d6 5. h3 O-O 6. Be3 c5 7. Nf3 cxd4 8. Nxd4
Nc6 9. Qd2 a6 10. Be2 Bd7 11. O-O Rc8 12. Rfe1 Nxd4 13. Bxd4 Bc6 14. Bf1 e6 15.
Rad1 Qc7 16. Bxf6 Bxf6 17. Qxd6 Qxd6 18. Rxd6 Be5 19. Rd2 Rfd8 20. Rc2 Rd7 21.
a3 Rcd8 22. b4 Rd2 23. Re2 Rxe2 24. Bxe2 Bxc3 25. Rxc3 Bxe4 26. Bf3 Bxf3 27.
Rxf3 1/2-1/2

[Event "Veletrzni turnaj 2021"]
[Site "Brno"]
[Date "2021.08.30"]
[Round "3.6"]
[White "Volak, Simon"]
[Black "Mares, Jaroslav"]
[Result "1-0"]
[WhiteElo "2035"]
[BlackElo "1938"]
[PlyCount "73"]
[EventDate "2021.08.29"]

1. d4 Nf6 2. Nf3 g6 3. g3 Bg7 4. Bg2 d6 5. O-O O-O 6. c4 c5 7. Nc3 Nc6 8. h3
Bd7 9. dxc5 dxc5 10. Be3 b6 11. Qc1 Qc8 12. Kh2 Be6 13. b3 Rd8 14. a3 a6 15.
Ra2 Ra7 16. Na4 Nd7 17. Ng5 Nd4 18. Nxe6 Nxe6 19. Nc3 Nf6 20. Nd5 Nxd5 21. cxd5
Nc7 22. Rd1 Nb5 23. Rc2 Qf5 24. g4 Qf6 25. Rd3 Rad7 26. Kg1 Nd4 27. Ra2 e5 28.
Bg5 Qd6 29. Bxd8 Rxd8 30. a4 f5 31. Qd1 e4 32. Rdd2 Qxd5 33. e3 f4 34. exd4
cxd4 35. Rac2 Qxb3 36. Bxe4 Qxh3 37. Qf3 1-0

[Event "Veletrzni turnaj 2021"]
[Site "Brno"]
[Date "2021.08.30"]
[Round "3.7"]
[White "Setina, Vaclav"]
[Black "Sipek, Michal"]
[Result "1-0"]
[WhiteElo "1607"]
[BlackElo "2021"]
[PlyCount "86"]
[EventDate "2021.08.29"]

1. e4 d6 2. d4 g6 3. Nf3 Nf6 4. Nc3 Bg7 5. Bc4 O-O 6. O-O Nxe4 7. Nxe4 d5 8.
Bd3 dxe4 9. Bxe4 c6 10. c3 Be6 11. Bf4 Nd7 12. Qe2 Bd5 13. Bc2 Bxf3 14. Qxf3
Nf6 15. Rfe1 Re8 16. Be5 Qd5 17. Qe2 Rad8 18. Bb3 Qd7 19. Rad1 Qg4 20. Qxg4
Nxg4 21. Bxg7 Kxg7 22. d5 cxd5 23. Ba4 e6 24. Bxe8 Rxe8 25. Rxd5 Nf6 26. Rc5
Re7 27. c4 Rd7 28. h3 Rd2 29. Rc7 Rd7 30. Rxd7 Nxd7 31. Rd1 Nb6 32. b3 Kf6 33.
f3 Ke7 34. Kf2 Nd7 35. Ke3 Ne5 36. Kd4 Nc6+ 37. Kc3 h6 38. b4 g5 39. a4 Ne5 40.
a5 h5 41. b5 g4 42. fxg4 hxg4 43. Re1 f6 1-0

[Event "Veletrzni turnaj 2021"]
[Site "Brno"]
[Date "2021.08.30"]
[Round "3.8"]
[White "Kuchar, Matej"]
[Black "Zuziak, Petr"]
[Result "1-0"]
[WhiteElo "1998"]
[BlackElo "1797"]
[PlyCount "45"]
[EventDate "2021.08.29"]

1. e4 g6 2. d4 d6 3. Be3 Bg7 4. Nc3 Nf6 5. f3 O-O 6. Qd2 Re8 7. O-O-O c6 8. g4
b5 9. h4 Qa5 10. Kb1 b4 11. Nce2 Be6 12. b3 Qa3 13. Nf4 Bxg4 14. Qg2 Bh5 15. e5
Nd5 16. Nxd5 cxd5 17. Bb5 Rc8 18. Ba4 dxe5 19. dxe5 Na6 20. Bc1 Bxe5 21. Bxa3
bxa3 22. Rxd5 Bf6 23. Rxh5 1-0